Organic chemistry : (Record no. 21329)
[ view plain ]
| 000 -LEADER | |
|---|---|
| fixed length control field | 00766pam a2200241 a 4500 |
| 001 - CONTROL NUMBER | |
| control field | 4343568 |
| 005 - DATE AND TIME OF LATEST TRANSACTION | |
| control field | 20220304141429.0 |
| 008 - FIXED-LENGTH DATA ELEMENTS--GENERAL INFORMATION | |
| fixed length control field | 890406s1990 nyua b 001 0 eng |
| 010 ## - LIBRARY OF CONGRESS CONTROL NUMBER | |
| LC control number | 89008083 |
| 020 ## - INTERNATIONAL STANDARD BOOK NUMBER | |
| International Standard Book Number | 0070099197 : |
| Terms of availability | $39.95 |
| 040 ## - CATALOGING SOURCE | |
| Original cataloging agency | DLC |
| Transcribing agency | DLC |
| Modifying agency | DLC |
| 050 00 - LIBRARY OF CONGRESS CALL NUMBER | |
| Classification number | QD253 |
| Item number | .A815 1990 |
| 082 00 - DEWEY DECIMAL CLASSIFICATION NUMBER | |
| Classification number | 547 |
| Edition number | 20 |
| 100 1# - MAIN ENTRY--PERSONAL NAME | |
| Personal name | Atkins, Robert C. |
| Fuller form of name | (Robert Charles), |
| Dates associated with a name | 1944- |
| 9 (RLIN) | 21605 |
| 245 10 - TITLE STATEMENT | |
| Title | Organic chemistry : |
| Remainder of title | a brief course / |
| Statement of responsibility, etc. | Robert C. Atkins, Francis A. Carey. |
| 260 ## - PUBLICATION, DISTRIBUTION, ETC. | |
| Place of publication, distribution, etc. | New York : |
| Name of publisher, distributor, etc. | McGraw-Hill, |
| Date of publication, distribution, etc. | c1990. |
| 300 ## - PHYSICAL DESCRIPTION | |
| Extent | xxiii, 547 p. : |
| Other physical details | ill. ; |
| Dimensions | 26 cm. |
| 500 ## - GENERAL NOTE | |
| General note | Includes index. |
| 650 #0 - SUBJECT ADDED ENTRY--TOPICAL TERM | |
| Topical term or geographic name entry element | Chemistry, Organic. |
| 9 (RLIN) | 21606 |
| 700 1# - ADDED ENTRY--PERSONAL NAME | |
| Personal name | Carey, Francis A., |
| Dates associated with a name | 1937- |
| 9 (RLIN) | 21607 |
| 906 ## - LOCAL DATA ELEMENT F, LDF (RLIN) | |
| a | 7 |
| b | cbc |
| c | orignew |
| d | 1 |
| e | ocip |
| f | 19 |
| g | y-gencatlg |
| 942 ## - ADDED ENTRY ELEMENTS (KOHA) | |
| Koha item type | Books |
| Lost status | Collection code | Home library | Shelving location | Date acquired | Total Checkouts | Full call number | Barcode | Date last seen | Date last checked out | Koha item type |
|---|---|---|---|---|---|---|---|---|---|---|
| Open | UCC Main Library | 03/13/2018 | 4 | QD253.At5 | 30261101935601 | 03/25/2019 | 03/11/2019 | Books |